|
|
|
|
| LEADER |
00000nam0a2200000 4500 |
| 001 |
325443 |
| 005 |
20231102003750.0 |
| 035 |
|
|
|a (RuTPU)RU\TPU\book\351057
|
| 090 |
|
|
|a 325443
|
| 100 |
|
|
|a 20161206d1976 km y0rusy50 ca
|
| 101 |
0 |
|
|a rus
|
| 102 |
|
|
|a RU
|
| 105 |
|
|
|a a z 001zy
|
| 200 |
1 |
|
|a Взрыв: история, практика, перспективы
|f Л. М. Гейман
|g Академия наук СССР (АН СССР)
|
| 210 |
|
|
|a Москва
|c Наука
|d 1978
|
| 215 |
|
|
|a 183 с.
|c ил.
|
| 225 |
1 |
|
|a Наука и технический прогресс
|
| 320 |
|
|
|a Библиогр.: с. 181-182
|
| 606 |
1 |
|
|a Взрыв
|2 stltpush
|3 (RuTPU)RU\TPU\subj\32958
|9 55331
|
| 610 |
1 |
|
|a взрывчатые вещества
|
| 610 |
1 |
|
|a детонация
|
| 610 |
1 |
|
|a различные среды
|
| 610 |
1 |
|
|a создание
|
| 610 |
1 |
|
|a применение
|
| 610 |
1 |
|
|a история
|
| 610 |
1 |
|
|a взрывание
|
| 610 |
1 |
|
|a земная кора
|
| 610 |
1 |
|
|a горные породы
|
| 610 |
1 |
|
|a металлы
|
| 610 |
1 |
|
|a вода
|
| 675 |
|
|
|a 662.2
|v 4
|
| 700 |
|
1 |
|a Гейман
|b Л. М.
|g Леонид Михайлович
|
| 712 |
0 |
2 |
|a Академия наук СССР (АН СССР)
|c (Ленинград/Москва)
|c (1925-1991)
|2 stltpush
|3 (RuTPU)RU\TPU\col\722
|
| 801 |
|
1 |
|a RU
|b 63413507
|c 20161206
|
| 801 |
|
2 |
|a RU
|b 63413507
|c 20200713
|g RCR
|
| 942 |
|
|
|c BK
|